India And The World / (Record no. 187398)

000 -LEADER
fixed length control field 00936 a2200169 4500
003 - CONTROL NUMBER IDENTIFIER
control field NUST
005 - DATE AND TIME OF LATEST TRANSACTION
control field 20230202130923.0
040 ## - CATALOGING SOURCE
Transcribing agency Nust
082 ## - DEWEY DECIMAL CLASSIFICATION NUMBER
Classification number 954,NEH
100 ## - MAIN ENTRY--PERSONAL NAME
Personal name Nehru, Jawaharlal
9 (RLIN) 1499
245 ## - TITLE STATEMENT
Title India And The World /
Statement of responsibility, etc. Jawaharlal Nehru
260 ## - PUBLICATION, DISTRIBUTION, ETC.
Place of publication, distribution, etc. London
Name of publisher, distributor, etc. George Allen & co
Date of publication, distribution, etc. 1936
300 ## - PHYSICAL DESCRIPTION
Extent 262:p.
505 ## - FORMATTED CONTENTS NOTE
Formatted contents note Presidential Address to the National Congress ,1929 (Page-13), Whither India ,1933 (Page-39), Presidential Address to the National Congress,1936 (Page-64), Prison-Land , 1934 (Page-108), The Mind of a Judge ,1935 (Page-130), Quetta,1935 (Page-146), First letter to Indira (Page-156), The Last Letter to Indira (Page-162), Mahatma Gandhi ,1936 (Page-172), A Letter to an Englishman (Page-177), India and The World (Page-200), A Visit to England ,1936 (Page-210), The Way to Peace ,1936 (Page-218), Indian Problems (Page-226).
650 ## - SUBJECT ADDED ENTRY--TOPICAL TERM
Topical term or geographic name entry element India And The World
9 (RLIN) 108493
942 ## - ADDED ENTRY ELEMENTS (KOHA)
Source of classification or shelving scheme
Koha item type Book
Call number prefix 954,NEH
Holdings
Withdrawn status Lost status Source of classification or shelving scheme Damaged status Not for loan Permanent Location Current Location Shelving location Date acquired Full call number Barcode Date last seen Price effective from Koha item type Public note
          Military College of Signals (MCS) Military College of Signals (MCS) General Stacks 12/12/2016 954,NEH MCS29202 12/08/2016 12/12/2016 Book Almirah No.61, Shelf No.3
© 2023 Central Library, National University of Sciences and Technology. All Rights Reserved.